Cinema 4D R10 handbook (Record no. 39782)
[ view plain ]
| 000 -LEADER | |
|---|---|
| fixed length control field | 01464nam a2200397 a 4500 |
| 082 04 - DEWEY DECIMAL CLASSIFICATION NUMBER | |
| Classification number | 006.6/93 |
| 100 1# - MAIN ENTRY--AUTHOR NAME | |
| Personal name | Call, Anson. |
| 245 10 - TITLE STATEMENT | |
| Title | Cinema 4D R10 handbook |
| 250 ## - EDITION STATEMENT | |
| Edition statement | 1st ed. |
| 260 ## - PUBLICATION, DISTRIBUTION, ETC. (IMPRINT) | |
| Place of publication | Boston, Mass. : |
| Name of publisher | Charles River Media, |
| Year of publication | c2007. |
| 300 ## - PHYSICAL DESCRIPTION | |
| Number of Pages | xvi, 400 p., [8] p. of plates : |
| Other physical details | ill. (some col.). |
| 490 1# - SERIES STATEMENT | |
| Series statement | Charles River Media graphics series |
| 500 ## - GENERAL NOTE | |
| General note | Includes index. |
| 650 #0 - SUBJECT ADDED ENTRY--TOPICAL TERM | |
| Topical Term | Computer graphics. |
| Topical Term | Computer animation. |
| Topical Term | Three-dimensional display systems. |
| 856 40 - ELECTRONIC LOCATION AND ACCESS | |
| Uniform Resource Identifier | http://site.ebrary.com/lib/rucke/Doc?id=10231526 |
No items available.
